Statistiques concernant Candidats de Gauche aux présidentielles françaises (Vème République)

Cliquez ici pour prendre le quiz!

Statistiques générales

  • Ce quiz a été pris 93 fois
  • Le résultat moyen est 12 sur 27

Statistiques - réponses

ÉlectionsPartisCandidats% Correct
2012Parti SocialisteFrançois Hollande
97%
2022Parti SocialisteAnne Hidalgo
96%
1965, 1974, 1981, 1988
Convention des Institutions Républicaines
Parti Socialiste
François Mitterrand
95%
2017Parti SocialisteBenoît Hamon
94%
2022Europe Écologie Les VertsYannick Jadot
92%
2007Parti SocialisteSégolène Royal
91%
1995, 2002Parti SocialisteLionel Jospin
90%
2012Europe Écologie Les VertsEva Joly
77%
2002Parti radical de GaucheChristiane Taubira
67%
2002Les VertsNoël Mamère
50%
1969Parti Socialiste unifiéMichel Rocard
47%
2002Mouvement des citoyensJean Pierre Chevènement
45%
1995, 2012, 2017
Fédération pour une nouvelle solidarité
Solidarité et progrès
Jacques Cheminade
42%
1995, 2007Les VertsDominique Voynet
37%
1969Section Française de l'internationale ouvrièreGaston Defferre
32%
2007José Bové
32%
1974René Dumont
28%
2002Cap21Corinne Lepage
24%
1988Les VertsAntoine Waechter
21%
1981Mouvement d'écologie politiqueBrice Lalonde
17%
1981Parti Socialiste UnifiéHuguette Bouchardeau
13%
1981Mouvement des radicaux de gaucheMichel Crépeau
13%
1974Nouvelle action royalisteBertrand Renouvin
10%
1988Nouvelle gauche pour le socialisme, l'écologie et l'autogestionPierre Juquin
10%
1958Union des Forces DémocratiquesAlbert Châtelet
6%
1974Mouvement Démocrate Socialiste de FranceÉmile Muller
6%
1969Louis Ducatel
6%

Distribution des résultats

Percentile par nombre de réponses

% des personnes avec chaque résultat

Votre développement - résultats

Vous n’avez pas pris ce quiz